• 首页
  • 本馆介绍
  • 公告通知
  • 最新文献
  • 馆藏检索
  • 电子资源
  • 读者导购
  • 参考咨询
  • 我的图书馆
  • 登录
  • 详细信息显示
  • 放入我的书架
  • 预约/预借图书
  • 作者相关作品
  • 分类相关作品
  • 丛书相关作品
  • 出版社相关作品

书目信息

  • 表格格式
  • 工作单格式
  • 卡片格式
题名:
烽火玫瑰胡济邦
    
 
作者: 陈抚生 著
分册:  
出版信息: 北京   人民出版社  2015
页数: 237页, [2] 页图版
开本: 23cm
丛书名:
单 册:
中图分类: K825.42
科图分类:
主题词: 女性--nv xing--记者--传记--中国--现代
电子资源:
ISBN: 978-7-01-015137-3
000 01021nam0 2200277 45
001 012001004090
005 20140928162348.0
010    @a978-7-01-015137-3@dCNY38.00
100    @a20150921d2015 em y0chiy50 ea
101 0  @achi
102    @aCN@b110000
105    @aaf z 000yy
106    @ar
200 1  @a烽火玫瑰胡济邦@9Feng Huo Mei Gui Hu Ji Bang@e苏德战场上唯一的中国女记者@f陈抚生著
210    @a北京@c人民出版社@d2015
215    @a237页, [2] 页图版@c图@d23cm
300    @a其他题名:苏德战场上唯一的中国女记者
314    @a陈抚生,中国戏剧文学学会会员、上海市作家协会会员。
330    @a本书主要包括:成为革命战士,战斗在异国他乡,驰骋在新中国外交新闻战线等内容。
517 1  @a苏德战场上唯一的中国女记者@9Su De Zhan Chang Shang Wei Yi De Zhong Guo Nv Ji Zhe
600  0 @a胡济邦,@9Hu Ji Bang@f1911-1955@x传记
606 0  @a女性@9nv xing@x记者@x传记@y中国@z现代
690    @aK825.42@v5
701  0 @a陈抚生@9Chen Fu Sheng@4著
801  0 @aCN@b上海新华@c20180901
905    @b1165641-5@dK825.42@e1204@f5
    
    烽火玫瑰胡济邦:苏德战场上唯一的中国女记者/陈抚生著.-北京:人民出版社,2015
    237页, [2] 页图版:图;23cm
    其他题名:苏德战场上唯一的中国女记者
    
    ISBN 978-7-01-015137-3:CNY38.00
    本书主要包括:成为革命战士,战斗在异国他乡,驰骋在新中国外交新闻战线等内容。
●
相关链接 在E读中查询图书 在五车中查询图书 在当当中查询图书 在豆瓣中查询图书


正题名:烽火玫瑰胡济邦     索取号:K825.42/1204         预约/预借

序号 登录号 条形码 馆藏地/架位号 状态 备注
1 1165641   211656411   第二样本阅览室/ [索取号:K825.42/1204] 在馆    
2 1165642   211656420   密集书库-文学院/ [索取号:K825.42/1204] 在馆    
3 1165643   211656439   第二借阅区/ [索取号:K825.42/1204] 在馆    
4 1165644   211656448   第二借阅区/ [索取号:K825.42/1204] 在馆    
5 1165645   211656457   第二借阅区/ [索取号:K825.42/1204] 在馆    
欢迎您!
大连网信软件有限公司© 版权所有